000 00542nam a2200205 a 4500
003 OSt
005 20141104135442.0
007 ta
008 140429c1991 sp ar p 0 a0spa c
020 _a968-422-555-5
040 _cBMC
082 _a658.11
245 0 0 _aDesarrollo de emprendedores
260 _aMéxico D.F. [etc.]
_bMcGraw-Hill
_c1991
300 _a104 p.
_c23 cm
590 8 _aDescripción basada en: 2010.
650 2 4 _aEmprendedores
_96296
710 2 _926325
_aDesarrollo Empresarial de Monterrey, A. C.
942 _2ddc
_cBK
999 _c14421
_d14421